Significado y perspectiva de la integración Europea para América Latina /

Guardat en:
Dades bibliogràfiques
Autor principal: Aragao, José María
Format: Text
Etiquetes: Afegir etiqueta
Sense etiquetes, Sigues el primer a etiquetar aquest registre!

MARC

LEADER 00000 a a2200000 04500
001 16071
003
040
100 |a Aragao, José María  
245 |a Significado y perspectiva de la integración Europea para América Latina /  |c José María Aragao 
773 |g número 15; páginas 53-79  
999 |c 25001  |d 25001